Biología vegetal /

Guardado en:
Autor Principal: Botto, Juan L.
Formato: Libro
Publicado: Buenos Aires : Kapelusz, 1976
Materias:
Etiquetas: Agregar Etiqueta
Sin Etiquetas, Sea el primero en etiquetar este registro!
LEADER 00502nam a22001695a 4500
001 CEM.cems001176
005 20060213000000.0
008 130507s1976##################000#0#####d
003 CEMS
082 0 4 |a 580 
100 1 |a Botto, Juan L. 
245 1 0 |a Biología vegetal /  |c Juan L. Botto 
260 |a Buenos Aires :  |b Kapelusz,  |c 1976 
300 |a 186 p. 
653 |a Biologia vegetal 
859 |a CEMS  |b BIB. CEMS - 11 de abril  |h 580  |i B659  |p 5312.76  |t Ej.1 
859 |a CEMS  |b BIB. CEMS - 11 de abril  |h 580  |i B659  |p 5313.76  |t Ej.2